<?xml version="1.0" encoding="UTF-8"?>
<record
    xmlns:xsi="http://www.w3.org/2001/XMLSchema-instance"
    xsi:schemaLocation="http://www.loc.gov/MARC21/slim http://www.loc.gov/standards/marcxml/schema/MARC21slim.xsd"
    xmlns="http://www.loc.gov/MARC21/slim">

  <leader>00623nam a22001697a 4500</leader>
  <datafield tag="952" ind1=" " ind2=" ">
    <subfield code="0">0</subfield>
    <subfield code="1">0</subfield>
    <subfield code="2">lcc</subfield>
    <subfield code="4">0</subfield>
    <subfield code="7">0</subfield>
    <subfield code="a">01</subfield>
    <subfield code="b">01</subfield>
    <subfield code="d">2017-10-23</subfield>
    <subfield code="l">2</subfield>
    <subfield code="o">KGF822  S468 2012 Tomo II</subfield>
    <subfield code="p">24 000341</subfield>
    <subfield code="r">2023-01-20</subfield>
    <subfield code="s">2019-02-15</subfield>
    <subfield code="t">1</subfield>
    <subfield code="w">2017-10-23</subfield>
    <subfield code="y">LB</subfield>
  </datafield>
  <datafield tag="999" ind1=" " ind2=" ">
    <subfield code="c">102638</subfield>
    <subfield code="d">102638</subfield>
  </datafield>
  <controlfield tag="008">171023t20122003mx a|||| |||| 00| 0 spa d</controlfield>
  <datafield tag="020" ind1=" " ind2=" ">
    <subfield code="a">9700761177</subfield>
  </datafield>
  <datafield tag="050" ind1=" " ind2=" ">
    <subfield code="a">KGF822 </subfield>
    <subfield code="b">S468 2010</subfield>
  </datafield>
  <datafield tag="100" ind1=" " ind2=" ">
    <subfield code="a">Sep&#xFA;lveda Sandoval, Carlos</subfield>
  </datafield>
  <datafield tag="245" ind1=" " ind2=" ">
    <subfield code="a">Contratos civiles</subfield>
    <subfield code="b"> : teor&#xED;a general y an&#xE1;lisis en particular de sus diversas clases. Tomo II</subfield>
    <subfield code="c">  / Carlos Sep&#xFA;lveda Sandoval</subfield>
  </datafield>
  <datafield tag="250" ind1=" " ind2=" ">
    <subfield code="a">2a edici&#xF3;n</subfield>
  </datafield>
  <datafield tag="260" ind1=" " ind2=" ">
    <subfield code="a">M&#xE9;xico</subfield>
    <subfield code="b"> : Porr&#xFA;a</subfield>
    <subfield code="c"> , 2012</subfield>
  </datafield>
  <datafield tag="300" ind1=" " ind2=" ">
    <subfield code="a">1507 p&#xE1;ginas</subfield>
    <subfield code="b">segunda parte </subfield>
  </datafield>
  <datafield tag="519" ind1=" " ind2=" ">
    <subfield code="a">Plan Flexible /</subfield>
    <subfield code="b">Derecho /</subfield>
    <subfield code="c">Contratos Civiles (LD420-3) /</subfield>
    <subfield code="d">(24 000341)</subfield>
  </datafield>
  <datafield tag="650" ind1=" " ind2="0">
    <subfield code="a">CONTRATOS -- M&#xC9;XICO </subfield>
  </datafield>
  <datafield tag="942" ind1=" " ind2=" ">
    <subfield code="c">LB</subfield>
  </datafield>
</record>
